000 00819cab a2200265 4500
001 WB3507-47
008 090401t1999 xxu||||| |||| 00| 0 eng d
035 _a(Sirsi) u91359
041 _aeng
245 _aPlanning applications
260 _c1999
350 _a0
490 _aDETR News Release
_v(248) 11 February 1999 (2)
520 _aGovernment has stated that planning authorities should assess applications for shopping and leisure schemes on the basis of need. Details.
650 _aLEISURE CENTRES
650 _aOUT OF TOWN DEVELOPMENT
650 _aPLANNING APPLICATIONS
650 _aPLANNING POLICY GUIDANCE NOTE SIX
650 _aRETAIL DEVELOPMENT
650 _aSHOPPING CENTRES
650 _aTOWN CENTRES
690 _aPLANNING LAW AND PRACTICE
942 _n0
948 _c16/02/1999
999 _c57984
_d57984